Statistics for The Americas (except US) Geography by Letter - N

Click here to take the quiz!

General Stats

  • This quiz has been taken 520 times
  • The average score is 8 of 10

Answer Stats

HintAnswer% Correct
Central American countryNicaragua
99%
Saint Kitts and ____________Nevis
95%
Capital of the BahamasNassau
92%
Canadian provinceNewfoundland and Labrador
91%
Largest waterfall by volumeNiagara Falls
90%
Canadian provinceNova Scotia
78%
Canadian provinceNew Brunswick
71%
And finally another Canadian territoryNunavut
70%
A Canadian territoryNorthwest Territories
52%
A series of ancient geoglyphs in the Peruvian desert, also the name of a nearby cityNazca Lines
26%

Score Distribution

Percentile by Number Answered

Percent of People with Each Score

Your Score History

You have not taken this quiz